000 01255pam a2200349 a 4500
001 4490810
003 OSt
005 20140310182821.0
008 970909r19981995inu b 001 0 eng
010 _a 97036833
020 _a1563704447
040 _aDLC
_cDLC
_dDLC
050 0 0 _aHF 5381
_b.An542 1998
082 0 0 _aM 650.1
_bAn2 1998
100 1 _aAncona, Paula.
245 1 0 _aSuccessAbilities! :
_b1,003 practical ways to keep up, stand out, and move ahead at work /
_cAncona, Paula
246 3 _aSuccess abilities!
246 3 0 _a1,003 practical ways to keep up, stand out, and move ahead at work
260 _aIndianapolis, IN :
_bJIST Works, Inc.,
_cc1998.
300 _axi, 271 p. ;
_c23 cm.
_bill. ;
500 _aPreviously published: Minneapolis, MN : Chamisa Press, c1995.
504 _aIncludes bibliographical references (p. 255-261) and index.
521 _aCollege Students
526 _c1210L-1700L
541 _j1
562 _eFor circulation. 1 copy available in the collection
650 0 _aVocational guidance.
650 0 _aCareer development.
906 _a7
_bcbc
_corignew
_d1
_eocip
_f19
_gy-gencatlg
942 _2lcc
_cBK
_kM
999 _c16388
_d16388